[Event "Titled Tuesday intern op 09th Mar"]
[Site "Chess.com INT"]
[Date "2021.03.09"]
[Round "8"]
[White "Sagar, Shah"]
[Black "Shipov, Sergei"]
[Result "0-1"]
[WhiteElo "2407"]
[BlackElo "2541"]
[PlyCount "90"]
[EventDate "2021.03.09"]
[EventType "swiss (blitz)"]
[EventRounds "11"]
[EventCountry "USA"]
[SourceTitle "CBM 201 Extra"]
[Source "ChessBase"]
[SourceDate "2021.05.31"]
[SourceVersion "1"]
[SourceVersionDate "2021.05.31"]
[SourceQuality "1"]

1. d4 Nf6 2. c4 c5 3. d5 b5 4. cxb5 a6 5. bxa6 g6 6. Nc3 Bg7 7. e4 0-0 8. Nf3 Qa5 9. Bd2 Bxa6 10. Bxa6 Qxa6 11. Qe2 d6 12. Qxa6 Nxa6 13. 0-0 Rfb8 14. b3 Nb4 15. a4 Nd7 16. Rab1 Nd3 17. Nb5 c4 18. Nc7 Ra7 19. Nb5 Ra6 20. bxc4 Rxa4 21. Nfd4 Rxc4 22. Nc6 Re8 23. Nc7 Rf8 24. Nxe7+ Kh8 25. Nc6 Rxe4 26. Nb5 Re2 27. Be3 Nf6 28. Rfd1 Nb2 29. Nbd4 Nxd1 30. Nxe2 Nxe3 31. fxe3 Nxd5 32. e4 Nf6 33. Ng3 Rc8 34. Ne7 Re8 35. Nd5 Nxd5 36. exd5 h5 37. Rb7 Kg8 38. Kf2 Bd4+ 39. Kf3 Re3+ 40. Kf4 Re1 41. Rd7 Be5+ 42. Kf3 Rd1 43. Ne4 Rd3+ 44. Ke2 Rxd5 45. Ke3 Kg7 0-1

[Event "Titled Tuesday intern op 09th Mar"]
[Site "Chess.com INT"]
[Date "2021.03.09"]
[Round "3"]
[White "Sohal, Tanraj"]
[Black "Sagar, Shah"]
[Result "0-1"]
[WhiteElo "2220"]
[BlackElo "2407"]
[PlyCount "84"]
[EventDate "2021.03.09"]
[EventType "swiss (blitz)"]
[EventRounds "11"]
[EventCountry "USA"]
[SourceTitle "CBM 201 Extra"]
[Source "ChessBase"]
[SourceDate "2021.05.31"]
[SourceVersion "1"]
[SourceVersionDate "2021.05.31"]
[SourceQuality "1"]

1. d4 Nf6 2. c4 e6 3. Nf3 Bb4+ 4. Bd2 Qe7 5. e3 0-0 6. Qc2 Bxd2+ 7. Nbxd2 d6 8. 0-0-0 e5 9. h3 e4 10. Ne1 c5 11. d5 b5 12. g4 Re8 13. Ng2 bxc4 14. Bxc4 Ba6 15. Nf4 Bxc4 16. Nxc4 Na6 17. a3 Nc7 18. g5 Nd7 19. h4 Nb6 20. Rhg1 Nxc4 21. Qxc4 Rab8 22. h5 Qe5 23. Qc2 Nb5 24. g6 fxg6 25. hxg6 h6 26. Kd2 c4 27. Rb1 Rec8 28. Rgc1 c3+ 29. bxc3 Nxa3 30. Rxb8 Rxb8 31. Qa2 Rb2+ 32. Qxb2 Nc4+ 33. Kc2 Nxb2 34. Kxb2 Qg5 35. Ra1 Qh4 36. Rxa7 Qxf2+ 37. Kb3 Kf8 38. Rf7+ Ke8 39. Rxg7 Qxe3 40. Ne6 Qb6+ 41. Kc4 Qa6+ 42. Kd4 Qd3# 0-1

[Event "Titled Tuesday intern op 26th Jan"]
[Site "Chess.com INT"]
[Date "2021.01.26"]
[Round "4"]
[White "Sagar, Shah"]
[Black "Arakhamia Grant, Ketevan"]
[Result "0-1"]
[WhiteElo "2407"]
[BlackElo "2380"]
[PlyCount "48"]
[EventDate "2021.01.26"]
[EventType "swiss (blitz)"]
[EventRounds "11"]
[EventCountry "USA"]
[SourceTitle "CBM 200 Extra"]
[Source "ChessBase"]
[SourceDate "2021.03.31"]
[SourceVersion "1"]
[SourceVersionDate "2021.03.31"]
[SourceQuality "1"]

1. Nf3 Nf6 2. c4 c5 3. b3 g6 4. Bb2 Bg7 5. g3 0-0 6. Bg2 d6 7. 0-0 e5 8. Nc3 Nc6 9. e3 Nh5 10. d3 f5 11. Nd2 f4 12. Nd5 Be6 13. Ne4 Ne7 14. exf4 exf4 15. Bxg7 Kxg7 16. g4 f3 17. Bxf3 Bxd5 18. gxh5 Be6 19. hxg6 Nxg6 20. Nc3 Qh4 21. Bg2 Rf5 22. Ne4 Rh5 23. h3 Bxh3 24. Bxh3 Qxh3 0-1

[Event "Charleroi op"]
[Site "Charleroi"]
[Date "2017.08.03"]
[Round "7"]
[White "Sagar, Shah"]
[Black "Eden, James"]
[Result "1-0"]
[WhiteElo "2391"]
[BlackElo "2361"]
[PlyCount "53"]
[EventDate "2017.07.29"]
[EventType "swiss"]
[EventRounds "9"]
[EventCountry "BEL"]
[SourceTitle "CBM 179 Extra"]
[Source "ChessBase"]
[SourceDate "2017.08.23"]
[SourceVersion "1"]
[SourceVersionDate "2017.08.23"]
[SourceQuality "1"]

1. Nf3 d5 2. c4 c6 3. g3 Nf6 4. Bg2 Bg4 5. Ne5 Bf5 6. cxd5 cxd5 7. Nc3 Nbd7 8. Qa4 e6 9. g4 Bg6 10. h4 Bc2 11. Nxf7 Qb6 12. Qxc2 Nxg4 13. Bf3 Qxf2+ 14. Kd1 Nh2 15. Nxh8 Nxf3 16. Qxh7 0-0-0 17. Nf7 Qg2 18. exf3 Qxh1+ 19. Kc2 Nf6 20. Qg6 Rd7 21. Ne5 Rc7 22. d4 b5 23. a3 Bd6 24. Qg3 Qf1 25. Rb1 b4 26. axb4 Bxb4 27. Nd3 1-0

[Event "Paleochora op 10th"]
[Site "Paleochora"]
[Date "2017.07.21"]
[Round "4"]
[White "Sagar, Shah"]
[Black "Verikakis, Manolis"]
[Result "1-0"]
[WhiteElo "2391"]
[BlackElo "2071"]
[PlyCount "95"]
[EventDate "2017.07.19"]
[EventType "swiss"]
[EventRounds "9"]
[EventCountry "GRE"]
[SourceTitle "EXT 2018"]
[Source "ChessBase"]
[SourceDate "2017.10.13"]
[SourceVersion "1"]
[SourceVersionDate "2017.10.13"]
[SourceQuality "1"]

1. Nf3 Nf6 2. c4 g6 3. d4 Bg7 4. Nc3 0-0 5. Bg5 d6 6. e3 Nbd7 7. Be2 c6 8. 0-0 a6 9. a4 b6 10. Qc2 Bb7 11. Rfd1 Qc7 12. e4 e5 13. d5 cxd5 14. cxd5 h6 15. Bh4 Nh5 16. Nd2 Nf4 17. Bf1 f5 18. f3 fxe4 19. Ndxe4 g5 20. Bf2 Rac8 21. Qb3 Nc5 22. Bxc5 bxc5 23. Nxd6 Qxd6 24. Qxb7 Rc7 25. Qxa6 Qd7 26. d6 Rcc8 27. Bb5 Qf5 28. Bd3 Qd7 29. Qb5 Qd8 30. Qc4+ Kh8 31. Qe4 Nxd3 32. Qxd3 c4 33. Qe3 Rb8 34. Rd2 e4 35. fxe4 Be5 36. Nb5 Qa5 37. Qe1 Rf4 38. g3 Rf6 39. d7 Rbf8 40. Rad1 Rd8 41. Rd5 Qb6+ 42. Kg2 Bxb2 43. Qe2 c3 44. Rd6 Rxd6 45. Rxd6 Qc5 46. Qh5 c2 47. Qxh6+ Kg8 48. Rg6+ 1-0

[Event "Suwalki Warakomska Memorial-A 1st"]
[Site "Suwalki"]
[Date "2017.??.??"]
[Round "9"]
[White "Plichta, Kamil"]
[Black "Sagar, Shah"]
[Result "1/2-1/2"]
[WhiteElo "2341"]
[BlackElo "2397"]
[PlyCount "190"]
[EventDate "2017.08.11"]
[EventType "swiss"]
[EventRounds "9"]
[EventCountry "POL"]
[SourceTitle "CBM 180 Extra"]
[Source "ChessBase"]
[SourceDate "2017.10.06"]
[SourceVersion "1"]
[SourceVersionDate "2017.10.06"]
[SourceQuality "1"]

1. e4 c6 2. d4 d5 3. e5 Bf5 4. h4 h5 5. Bd3 Bxd3 6. Qxd3 Qa5+ 7. Nd2 Qa6 8. c4 e6 9. Ne2 Nd7 10. b3 Nh6 11. Qc3 Nf5 12. Nf3 dxc4 13. bxc4 Nb6 14. c5 Nd5 15. Qa3 Qxa3 16. Bxa3 0-0-0 17. Ng5 Rd7 18. Ne4 f6 19. g3 Be7 20. 0-0 Rg8 21. Bb2 g5 22. hxg5 fxg5 23. Kg2 g4 24. Rh1 h4 25. gxh4 Nxh4+ 26. Kf1 Rdd8 27. Bc1 Rdf8 28. Rb1 Rh8 29. Rb3 Nf3 30. Rxh8 Rxh8 31. Kg2 Rh3 32. Be3 a5 33. Nd6+ Bxd6 34. exd6 a4 35. Ra3 Ne1+ 36. Kg1 g3 37. Nxg3 Nc2 38. Rxa4 Ncxe3 39. Ra8+ Kd7 40. Rb8 Nf5 41. Ne4 Rh4 42. f3 Nxd4 43. Ng5 Rf4 44. Kf2 Rf5 45. Rxb7+ Kc8 46. Rg7 Rf8 47. a4 e5 48. a5 e4 49. Nxe4 Rxf3+ 50. Kg1 Ne6 51. Rh7 Rf4 52. d7+ Kc7 53. a6 Rxe4 54. a7 Ra4 55. d8N+ Kxd8 56. a8R+ Rxa8 57. Rh8+ Kc7 58. Rxa8 Nxc5 59. Ra7+ Kb6 60. Rh7 Ne4 61. Rh6 Ndf6 62. Rh2 Kb5 63. Rc2 Nc5 64. Kf2 Kb4 65. Rb2+ Kc3 66. Rb6 Nce4+ 67. Kg1 c5 68. Rc6 c4 69. Kg2 Kd4 70. Rxc4+ Kxc4 71. Kf3 Kd4 72. Kf4 Nd6 73. Kf3 Nd5 74. Ke2 Ke4 75. Kf2 Nc3 76. Kg3 Kf5 77. Kf3 Nc4 78. Kg3 Ne5 79. Kf2 Kf4 80. Kg2 Nd3 81. Kh3 Ne4 82. Kh4 Nf6 83. Kh3 Ne1 84. Kh4 Ng2+ 85. Kh3 Kf3 86. Kh2 Ng4+ 87. Kh3 Nf2+ 88. Kh2 Nf4 89. Kg1 Ke2 90. Kh2 Ne4 91. Kg1 Ke1 92. Kh2 Kf2 93. Kh1 Ne2 94. Kh2 Ng5 95. Kh1 Nf3 1/2-1/2

[Event "Suwalki Warakomska Memorial-A 1st"]
[Site "Suwalki"]
[Date "2017.??.??"]
[Round "6"]
[White "Sagar, Shah"]
[Black "Czarnota, Pawel"]
[Result "1-0"]
[WhiteElo "2397"]
[BlackElo "2577"]
[PlyCount "67"]
[EventDate "2017.08.11"]
[EventType "swiss"]
[EventRounds "9"]
[EventCountry "POL"]
[SourceTitle "CBM 180 Extra"]
[Source "ChessBase"]
[SourceDate "2017.10.06"]
[SourceVersion "1"]
[SourceVersionDate "2017.10.06"]
[SourceQuality "1"]

1. Nf3 Nf6 2. g3 g6 3. b3 Bg7 4. Bb2 0-0 5. Bg2 c5 6. c4 d5 7. cxd5 Qxd5 8. Nc3 Qf5 9. Rc1 Nbd7 10. d4 cxd4 11. Nxd4 Qa5 12. 0-0 a6 13. Na4 Re8 14. a3 Qh5 15. b4 e5 16. Nb3 e4 17. e3 Qh6 18. Qc2 b5 19. Nac5 Nxc5 20. Nxc5 Ng4 21. h3 Ne5 22. Bxe5 Bxe5 23. Bxe4 Rb8 24. h4 Rb6 25. Rfd1 Rf6 26. Bg2 Bxg3 27. Ne4 Rxe4 28. Qxc8+ Kg7 29. fxg3 Qxe3+ 30. Kh2 Rf2 31. Rf1 Ra2 32. Rc7 Rf2 33. Rxf2 Qxf2 34. Rc2 1-0

[Event "Suwalki Warakomska Memorial-A 1st"]
[Site "Suwalki"]
[Date "2017.??.??"]
[Round "8"]
[White "Sagar, Shah"]
[Black "Krzyzanowski, Marcin"]
[Result "0-1"]
[WhiteElo "2397"]
[BlackElo "2464"]
[PlyCount "58"]
[EventDate "2017.08.11"]
[EventType "swiss"]
[EventRounds "9"]
[EventCountry "POL"]
[SourceTitle "CBM 180 Extra"]
[Source "ChessBase"]
[SourceDate "2017.10.06"]
[SourceVersion "1"]
[SourceVersionDate "2017.10.06"]
[SourceQuality "1"]

1. Nf3 g6 2. g3 Bg7 3. d4 Nf6 4. Bg2 0-0 5. c4 d6 6. Nc3 Nc6 7. 0-0 a6 8. Bf4 Rb8 9. Rc1 h6 10. h3 g5 11. Be3 g4 12. hxg4 Nxg4 13. Qd2 Nxe3 14. Qxe3 e5 15. dxe5 Re8 16. Rfd1 Nxe5 17. Nxe5 Rxe5 18. Qa7 Bd7 19. Bxb7 h5 20. b3 h4 21. Rd3 hxg3 22. fxg3 c6 23. Rxd6 Qg5 24. Kg2 Rbe8 25. Rf1 Re3 26. Rf3 Bg4 27. Rxe3 Rxe3 28. Qb8+ Kh7 29. Bxc6 Bxc3 0-1

[Event "Trieste op 18th"]
[Site "Trieste"]
[Date "2016.09.07"]
[Round "6"]
[White "Sagar, Shah"]
[Black "Jovanic, Ognjen"]
[Result "1/2-1/2"]
[WhiteElo "2401"]
[BlackElo "2433"]
[PlyCount "47"]
[EventDate "2016.09.03"]
[EventType "swiss"]
[EventRounds "9"]
[EventCountry "ITA"]
[SourceTitle "CBM 174 Extra"]
[Source "ChessBase"]
[SourceDate "2016.10.10"]
[SourceVersion "1"]
[SourceVersionDate "2016.10.10"]
[SourceQuality "1"]

1. d4 d5 2. c4 c6 3. Nf3 Nf6 4. Nc3 a6 5. a4 e6 6. Bg5 Be7 7. e3 a5 8. Bd3 Na6 9. 0-0 h6 10. Bh4 0-0 11. b3 Nb4 12. Bb1 b6 13. Na2 Nxa2 14. Rxa2 Bb7 15. Qd3 Ne4 16. Bxe7 Qxe7 17. Ne5 Rfd8 18. f3 Nf6 19. cxd5 cxd5 20. Rc1 Rdc8 21. Rac2 Qd8 22. Rxc8 Rxc8 23. Rxc8 Qxc8 24. Qc2 1/2-1/2

[Event "Trieste op 18th"]
[Site "Trieste"]
[Date "2016.09.05"]
[Round "4"]
[White "Lodici, Lorenzo"]
[Black "Sagar, Shah"]
[Result "0-1"]
[WhiteElo "2359"]
[BlackElo "2401"]
[PlyCount "98"]
[EventDate "2016.09.03"]
[EventType "swiss"]
[EventRounds "9"]
[EventCountry "ITA"]
[SourceTitle "CBM 174 Extra"]
[Source "ChessBase"]
[SourceDate "2016.10.10"]
[SourceVersion "1"]
[SourceVersionDate "2016.10.10"]
[SourceQuality "1"]

1. e4 e5 2. Nf3 Nc6 3. Bc4 Nf6 4. d3 Bc5 5. c3 0-0 6. b4 Be7 7. 0-0 d5 8. exd5 Nxd5 9. b5 Na5 10. Bxd5 Qxd5 11. c4 Qd7 12. Bd2 e4 13. Bxa5 exf3 14. Qxf3 a6 15. b6 cxb6 16. Bxb6 Bf6 17. d4 Bxd4 18. Bxd4 Qxd4 19. Nc3 Bg4 20. Qe4 Rad8 21. Rfc1 Be6 22. Qxb7 Bxc4 23. Qb4 Be6 24. Qa5 Rc8 25. Na4 Rc4 26. Nb6 Rc2 27. Rf1 Rxf2 28. Rxf2 Qxa1+ 29. Rf1 Qd4+ 30. Kh1 Rb8 31. Rb1 Bxa2 32. Qxa2 Rxb6 33. Rf1 Rf6 34. Rb1 g6 35. Qa3 Kg7 36. h3 h5 37. Qb3 a5 38. Rd1 Qb4 39. Qa2 Kh7 40. Qa1 Qb6 41. Rd5 a4 42. Rd4 Qb5 43. Rd1 Rf4 44. Kh2 Qg5 45. Qb2 Qf6 46. Qa3 Rd4 47. Ra1 Qe5+ 48. Kh1 Qd5 49. Rf1 Rd1 0-1

[Event "Vienna op-A"]
[Site "Vienna"]
[Date "2016.08.23"]
[Round "9"]
[White "Larmuseau, Maarten"]
[Black "Sagar, Shah"]
[Result "1-0"]
[WhiteElo "2245"]
[BlackElo "2424"]
[PlyCount "145"]
[EventDate "2016.08.16"]
[EventType "swiss"]
[EventRounds "9"]
[EventCountry "AUT"]
[SourceTitle "CBM 173 Extra"]
[Source "ChessBase"]
[SourceDate "2016.08.29"]
[SourceVersion "1"]
[SourceVersionDate "2016.08.29"]
[SourceQuality "1"]

1. e4 e5 2. Nf3 Nc6 3. Bc4 Bc5 4. c3 Nf6 5. d3 a6 6. a4 Ba7 7. 0-0 d6 8. Na3 h6 9. Nc2 0-0 10. Ne3 Ne7 11. Nh4 d5 12. exd5 Nfxd5 13. Nxd5 Nxd5 14. Qf3 Qxh4 15. Bxd5 c6 16. Bc4 Bg4 17. Qe4 Qh5 18. h3 Bd7 19. Be3 Bxe3 20. fxe3 Rae8 21. Rf3 Be6 22. Raf1 Bxc4 23. Qxc4 Qg6 24. Rf5 Qe6 25. Qg4 c5 26. Qg3 Re7 27. Rf6 Qd7 28. e4 Re6 29. Qg4 h5 30. Qxe6 Qxe6 31. Rxe6 fxe6 32. Rxf8+ Kxf8 33. Kf2 g5 34. Ke3 Ke7 35. a5 Kd6 36. d4 exd4+ 37. cxd4 Kc6 38. Kd3 Kb5 39. Kc3 Kxa5 40. Kc4 Kb6 41. dxc5+ Kc6 42. Kd4 a5 43. Ke5 Kxc5 44. Kxe6 b5 45. e5 a4 46. Kf6 b4 47. e6 a3 48. bxa3 b3 49. e7 b2 50. e8Q b1Q 51. Qe3+ Kd6 52. Qd4+ Kc7 53. Qc5+ Kd8 54. Kxg5 Qa2 55. Qf8+ Kc7 56. Qf3 Qg8+ 57. Kxh5 Qh7+ 58. Kg4 Qg6+ 59. Kh4 Qh6+ 60. Kg3 Qg5+ 61. Kh2 Kd8 62. Qg3 Qd5 63. a4 Ke8 64. Qe1+ Kf7 65. a5 Kf6 66. Qf1+ Kg5 67. a6 Qd6+ 68. Kh1 Qd4 69. Qg1 Qe4 70. a7 Kh4 71. Qf2+ Kg5 72. Qg3+ Kh6 73. Qb8 1-0

[Event "Leiden op-A 10th"]
[Site "Leiden"]
[Date "2016.07.19"]
[Round "5"]
[White "Van Tellingen, Frank"]
[Black "Sagar, Shah"]
[Result "1-0"]
[WhiteElo "2211"]
[BlackElo "2433"]
[PlyCount "107"]
[EventDate "2016.07.15"]
[EventType "swiss"]
[EventRounds "9"]
[EventCountry "NED"]
[SourceTitle "CBM 173 Extra"]
[Source "ChessBase"]
[SourceDate "2016.08.29"]
[SourceVersion "1"]
[SourceVersionDate "2016.08.29"]
[SourceQuality "1"]

1. e4 c6 2. d4 d5 3. Nd2 dxe4 4. Nxe4 Bf5 5. Ng3 Bg6 6. h4 h6 7. Nf3 e6 8. Ne5 Bh7 9. Bd3 Bxd3 10. Qxd3 Nd7 11. f4 Be7 12. h5 Ngf6 13. Bd2 0-0 14. 0-0-0 c5 15. Be3 Nd5 16. Nxd7 Qxd7 17. dxc5 Qa4 18. Kb1 Rad8 19. Bc1 Nxf4 20. Qf3 Nd5 21. Nf5 exf5 22. Rxd5 Rxd5 23. Qxd5 Qe4 24. Rd1 Rd8 25. Qxe4 fxe4 26. Rxd8+ Bxd8 27. Bf4 f5 28. b4 Kf7 29. b5 Ke6 30. c4 Be7 31. c6 bxc6 32. bxc6 Bg5 33. Bc7 e3 34. Kc2 e2 35. Bg3 Bf4 36. Bf2 Kd6 37. Kd3 a6 38. Kxe2 Be5 39. Kd3 Kxc6 40. Bd4 Bf4 41. Bxg7 Bg5 42. Bf8 Bc1 43. Kd4 Bb2+ 44. Ke3 Bc1+ 45. Kf3 Bg5 46. g4 fxg4+ 47. Kxg4 a5 48. Kf5 a4 49. Kg6 Bc1 50. Bxh6 Bb2 51. Bg7 Bc1 52. Bd4 a3 53. h6 Bb2 54. Bg7 1-0

[Event "Leiden op-A 10th"]
[Site "Leiden"]
[Date "2016.07.18"]
[Round "4"]
[White "Sagar, Shah"]
[Black "Treiber, Burkhard"]
[Result "1-0"]
[WhiteElo "2433"]
[BlackElo "2098"]
[PlyCount "69"]
[EventDate "2016.07.15"]
[EventType "swiss"]
[EventRounds "9"]
[EventCountry "NED"]
[SourceTitle "CBM 173 Extra"]
[Source "ChessBase"]
[SourceDate "2016.08.29"]
[SourceVersion "1"]
[SourceVersionDate "2016.08.29"]
[SourceQuality "1"]

1. d4 Nf6 2. c4 e6 3. Nc3 Bb4 4. e3 0-0 5. Nge2 d5 6. a3 Be7 7. cxd5 exd5 8. Nf4 c6 9. Bd3 Na6 10. 0-0 Nc7 11. Bd2 Ne6 12. Nce2 Bd6 13. Bb4 a5 14. Bxd6 Qxd6 15. Qc2 Re8 16. h3 h6 17. Nxe6 Qxe6 18. b4 Qe7 19. b5 Bd7 20. bxc6 Bxc6 21. a4 Ne4 22. Nc3 Nf6 23. Qb3 Red8 24. Rab1 Qd6 25. Rfc1 Nd7 26. Nb5 Bxb5 27. Qxb5 Nf8 28. Qxb7 Rab8 29. Qa6 Rxb1 30. Rxb1 Qa3 31. Bb5 Qc3 32. Qc6 Qd2 33. Rc1 g6 34. Qc3 Qa2 35. Qxa5 1-0

[Event "Porticcio op 3rd"]
[Site "Grosseto Prugna"]
[Date "2016.06.30"]
[Round "8"]
[White "Laznicka, Viktor"]
[Black "Sagar, Shah"]
[Result "1-0"]
[WhiteElo "2654"]
[BlackElo "2433"]
[PlyCount "59"]
[EventDate "2016.06.25"]
[EventType "swiss"]
[EventRounds "9"]
[EventCountry "FRA"]
[SourceTitle "EXT 2017"]
[Source "ChessBase"]
[SourceDate "2016.10.25"]
[SourceVersion "1"]
[SourceVersionDate "2016.10.25"]
[SourceQuality "1"]

1. Nf3 Nf6 2. c4 e6 3. g3 d5 4. Bg2 c5 5. cxd5 exd5 6. d4 Nc6 7. 0-0 Be7 8. Nc3 0-0 9. Bg5 cxd4 10. Nxd4 h6 11. Be3 Re8 12. Qa4 Na5 13. Rad1 Bd7 14. Qc2 Nc4 15. Nxd5 Nxd5 16. Qxc4 Nxe3 17. fxe3 Qb6 18. Rxf7 Rac8 19. Qd5 Bc6 20. Nxc6 bxc6 21. Qe6 c5 22. Bd5 Qxe6 23. Bxe6 Bg5 24. Rc7+ Rxe6 25. Rxc8+ Kh7 26. Kg2 Bxe3 27. b3 Bd4 28. Rd2 Be3 29. Rd3 Bd4 30. Kf1 1-0

[Event "Moscow Aeroflot op-B 15th"]
[Site "Moscow"]
[Date "2016.03.04"]
[Round "4"]
[White "Sagar, Shah"]
[Black "Mirzoyan, David"]
[Result "1-0"]
[WhiteElo "2425"]
[BlackElo "2241"]
[PlyCount "39"]
[EventDate "2016.03.01"]
[EventType "swiss"]
[EventRounds "9"]
[EventCountry "RUS"]
[SourceTitle "CBM 171 Extra"]
[Source "ChessBase"]
[SourceDate "2016.04.26"]
[SourceVersion "1"]
[SourceVersionDate "2016.04.26"]
[SourceQuality "1"]

1. d4 Nf6 2. c4 e6 3. Nc3 Bb4 4. e3 c5 5. Bd3 Nc6 6. Nf3 Bxc3+ 7. bxc3 d6 8. 0-0 e5 9. Nd2 0-0 10. Rb1 cxd4 11. cxd4 exd4 12. exd4 Nxd4 13. Ne4 Nxe4 14. Bxe4 Ne6 15. Qh5 h6 16. Bxh6 gxh6 17. Qxh6 Ng5 18. Rb5 f5 19. Bd5+ Rf7 20. Re1 1-0

[Event "Qatar Masters op"]
[Site "Doha"]
[Date "2015.12.26"]
[Round "6"]
[White "Sagar, Shah"]
[Black "Dzagnidze, Nana"]
[Result "1/2-1/2"]
[WhiteElo "2441"]
[BlackElo "2559"]
[PlyCount "71"]
[EventDate "2015.12.20"]
[EventType "swiss"]
[EventRounds "9"]
[EventCountry "QAT"]
[SourceTitle "CBM 170"]
[Source "ChessBase"]
[SourceDate "2016.01.15"]
[SourceVersion "1"]
[SourceVersionDate "2016.01.15"]
[SourceQuality "1"]

1. d4 Nf6 2. c4 e6 3. Nc3 Bb4 4. e3 0-0 5. Bd3 d6 6. Nge2 e5 7. 0-0 Nc6 8. d5 Ne7 9. e4 a5 10. Na4 Nd7 11. a3 Bc5 12. Nxc5 Nxc5 13. b3 f5 14. exf5 Bxf5 15. Bxf5 Nxf5 16. Ng3 Qh4 17. Nxf5 Rxf5 18. Be3 Raf8 19. Bxc5 dxc5 20. Qe2 Rh5 21. h3 Rg5 22. Kh1 Rf6 23. Rac1 e4 24. Rc3 Rfg6 25. Rg3 Rxg3 26. fxg3 Rxg3 27. Qf2 h6 28. Kh2 Rg4 29. Qxh4 Rxh4 30. g4 g5 31. Kg3 Kg7 32. Rf5 Kg6 33. Re5 h5 34. Rxe4 hxg4 35. hxg4 Kf7 36. Re5 1/2-1/2